| 000 | 00674nam a22001817a 4500 | ||
|---|---|---|---|
| 005 | 20251108172837.0 | ||
| 008 | 250721s2004 xx 000 0 ara d | ||
| 082 | 1 | 4 | _a956.7106/عنا |
| 100 | 1 | _aالعنابي، زهر | |
| 245 | 1 | 0 | _aعلي عبد الله صالح في بنية النظام اليمني / |
| 264 | 1 |
_aإربد : _bالرومانتيك للأبحاث و الدراسات، _c2004. |
|
| 300 | _a236ص. | ||
| 490 | 0 | _aمفهوم الزعامة في الخطاب العربي - دراسات أكاديمية وزارية | |
| 650 | 1 | 7 | _aتاريخ اليمن |
| 650 | 1 | 7 | _aعهد علي عبد الله صالح |
| 942 |
_2ddc _cBK |
||
| 999 |
_c89855 _d89855 |
||